| 000 | 00359nam a2200121Ia 4500 | ||
|---|---|---|---|
| 008 | 250110s9999 xx 000 0 und d | ||
| 041 | _aeng | ||
| 100 |
_aAgrawal Prachi. _9208937 |
||
| 245 | _aM.I.E.T. Campus Landscape Space Design At Shahpur, Bhandara. | ||
| 260 |
_bBNCA M Arch LA, Pune _c2018 |
||
| 300 | _a16p | ||
| 700 |
_aGuide Name:Arora Shefali _9210803 |
||
| 999 |
_c364217 _d364217 |
||